History Quiz

Random History or Clickable Quiz

French History Match-Up Quiz Stats

 Plays Quiz Updated Jul 14, 2015

Challenge
Share
Tweet
Score 0/30 Timer 06:00
6 Plays Today
% Correct
Napoleon
97.9%
Marie
96.2%
Eiffel
95.5%
Marie
94.6%
Notre
94.5%
Coco
93.5%
Moulin
92.2%
Victor
89.7%
Jacques
87.4%
Jules
87.1%
René
82.4%
Alexandre
81.6%
Cardinal
73.3%
Albert
70.2%
Claude
68.9%
% Correct
Paris
68.6%
Simone
68.3%
Maginot
67.7%
Maximilien
67.6%
Emile
67.3%
Paul
66.7%
Dreyfus
64.6%
Edgar
64.5%
Marcel
63.2%
Ancien
62.1%
Auguste
59.6%
Belle
58.5%
Marie
57.4%
Gustave
57%
Georges
55.2%

You're not logged in!

Compare scores with friends on all Sporcle quizzes.
OR
Log In

You Might Also Like...

Show Comments

Extras

Top Quizzes Today


Score Distribution

Your Account Isn't Verified!

In order to create a playlist on Sporcle, you need to verify the email address you used during registration. Go to your Sporcle Settings to finish the process.

Report this User

Report this user for behavior that violates our Community Guidelines.

Details: